[Event "37. Torneo Internacional de La Roda"]
[Site "La Roda ESP"]
[Date "2010.04.04"]
[Round "8.22"]
[White "Ramiro Ovejero, Juan Luis"]
[Black "Sanchez-Alarcos Galian, Victor"]
[Result "1-0"]
[WhiteElo "2375"]
[BlackElo "2149"]
[PlyCount "125"]
[EventDate "2010.03.31"]
[EventType "swiss"]
[EventRounds "9"]
[EventCountry "ESP"]
[Source "lmi"]
[SourceDate "2010.03.31"]

1. e4 c6 2. d4 d5 3. Nd2 dxe4 4. Nxe4 Bf5 5. Ng3 Bg6 6. Nh3 e6 7. Nf4 Bd6 8. c3
Nf6 9. h4 Qc7 10. Qf3 Nd5 11. Nxd5 cxd5 12. h5 Bc2 13. Bb5+ Nc6 14. Kd2 Bxg3
15. Kxc2 Bd6 16. h6 g6 17. Bg5 Be7 18. Bxe7 Qxe7 19. Rae1 O-O-O 20. Bxc6 bxc6
21. b4 Rd7 22. Qd3 Kb8 23. a4 Qg5 24. g3 Qf5 25. f4 Kc7 26. Re5 Qxd3+ 27. Kxd3
Kd6 28. c4 dxc4+ 29. Kxc4 Rhd8 30. Ra5 Rb7 31. Re1 Kc7 32. Ree5 Kb6 33. b5
cxb5+ 34. Raxb5+ Kc7 35. Rxb7+ Kxb7 36. d5 Rd6 37. Kc5 Kc7 38. dxe6 fxe6 39.
Re4 Rc6+ 40. Kd4 Kd6 41. Re5 Rc1 42. Ra5 Rd1+ 43. Ke4 Re1+ 44. Kf3 Rh1 45. Ra6+
Kd5 46. Rxa7 Rxh6 47. a5 Rh1 48. a6 Rf1+ 49. Kg4 h5+ 50. Kg5 Rg1 51. Kxg6 h4
52. Kf6 hxg3 53. Rg7 Ra1 54. a7 g2 55. Rxg2 Rxa7 56. Re2 Ra8 57. Re5+ Kd4 58.
Rxe6 Rf8+ 59. Kg5 Rg8+ 60. Rg6 Rf8 61. f5 Ke5 62. Re6+ Kd5 63. Re1 1-0

[Event "37. Torneo Internacional de La Roda"]
[Site "La Roda ESP"]
[Date "2010.04.04"]
[Round "8.23"]
[White "Picard, Romain"]
[Black "Fernandez Lledo, Javier"]
[Result "1-0"]
[WhiteElo "2363"]
[BlackElo "2080"]
[PlyCount "53"]
[EventDate "2010.03.31"]
[EventType "swiss"]
[EventRounds "9"]
[EventCountry "ESP"]
[Source "lmi"]
[SourceDate "2010.03.31"]

1. e4 c5 2. c3 Nf6 3. e5 Nd5 4. Nf3 Nc6 5. Bc4 Nb6 6. Bb3 d5 7. exd6 Qxd6 8.
Na3 g6 9. O-O a6 10. Ng5 Nd8 11. d4 cxd4 12. Ne4 Qd7 13. cxd4 Bg7 14. d5 Qf5
15. Nc3 O-O 16. Be3 Nd7 17. Nc2 Nf6 18. Bc5 Re8 19. Re1 Qd7 20. Na4 Qc7 21. d6
exd6 22. Qxd6 Qxd6 23. Bxd6 Rxe1+ 24. Rxe1 Be6 25. Nb6 Bxb3 26. axb3 Ra7 27.
Bb8 1-0

[Event "37. Torneo Internacional de La Roda"]
[Site "La Roda ESP"]
[Date "2010.04.04"]
[Round "8.24"]
[White "Santos, Jose Alves"]
[Black "Sanchez Gonzalez, Sergio"]
[Result "1-0"]
[WhiteElo "2246"]
[BlackElo "2322"]
[PlyCount "171"]
[EventDate "2010.03.31"]
[EventType "swiss"]
[EventRounds "9"]
[EventCountry "ESP"]
[Source "lmi"]
[SourceDate "2010.03.31"]

1. e4 c5 2. c3 d5 3. exd5 Qxd5 4. d4 Nc6 5. Nf3 Nf6 6. dxc5 Qxc5 7. Be3 Qa5 8.
Nbd2 Qc7 9. Qa4 Bd7 10. Qb3 e6 11. Rd1 Be7 12. Bd3 Nd5 13. Nf1 Rd8 14. Be4 O-O
15. Bxd5 exd5 16. N1d2 Na5 17. Qc2 Nc4 18. Bd4 Nxd2 19. Rxd2 Bb5 20. Qf5 Rfe8
21. Kd1 g6 22. Qe5 Qxe5 23. Bxe5 Bf8 24. Bf4 a5 25. Re1 Rxe1+ 26. Kxe1 a4 27.
Nd4 Re8+ 28. Kd1 Bf1 29. g3 a3 30. bxa3 Bxa3 31. Nc2 Bc5 32. Be3 Bxe3 33. Nxe3
Bc4 34. Nxd5 Re5 35. Ne3 Be6 36. Rb2 Ra5 37. c4 Ra4 38. Kd2 Kg7 39. Kc3 h5 40.
h4 Kh6 41. f4 Kg7 42. Kd4 Ra3 43. Rxb7 Rxa2 44. Rb3 Ra1 45. Rc3 Rg1 46. c5 Kh7
47. Nc4 Rd1+ 48. Ke3 Re1+ 49. Kf2 Re4 50. Nd2 Ra4 51. c6 f6 52. c7 Ra8 53. Ne4
Kg7 54. Nd6 Ra2+ 55. Ke3 Rg2 56. Kf3 Rd2 57. c8=Q Bxc8 58. Nxc8 g5 59. hxg5
fxg5 60. fxg5 Kg6 61. Rc5 Rd3+ 62. Kg2 Re3 63. Kf2 Re4 64. Kf3 Re1 65. Nd6 Rf1+
66. Kg2 Rd1 67. Ne4 Rd3 68. Nf2 Ra3 69. Nh3 Ra2+ 70. Kf3 Ra3+ 71. Kg2 Ra2+ 72.
Nf2 Rb2 73. Re5 Ra2 74. Kf3 Ra3+ 75. Kf4 Ra8 76. Re6+ Kg7 77. Ne4 Rf8+ 78. Rf6
Rh8 79. Nd6 Ra8 80. Nf5+ Kg8 81. g6 h4 82. Kg5 hxg3 83. Nxg3 Kh8 84. Nf5 Rb8
85. Rf7 Ra8 86. Rh7+ 1-0

[Event "37. Torneo Internacional de La Roda"]
[Site "La Roda ESP"]
[Date "2010.04.04"]
[Round "9.2"]
[White "Bruzon Batista, Lazaro"]
[Black "Ortiz Suarez, Isan Reynaldo"]
[Result "1/2-1/2"]
[WhiteElo "2641"]
[BlackElo "2527"]
[PlyCount "42"]
[EventDate "2010.03.31"]
[EventType "swiss"]
[EventRounds "9"]
[EventCountry "ESP"]
[Source "lmi"]
[SourceDate "2010.03.31"]

1. d4 d5 2. c4 c6 3. Nf3 Nf6 4. e3 e6 5. Bd3 Nbd7 6. b3 Bd6 7. Bb2 O-O 8. O-O
b6 9. Nbd2 Bb7 10. Ne5 c5 11. cxd5 exd5 12. f4 Qe7 13. Rf3 cxd4 14. Nxd7 Nxd7
15. Bxd4 Bc5 16. Rh3 g6 17. Nf3 Bxd4 18. Nxd4 Nc5 19. f5 Rac8 20. Qd2 Qe4 21.
Rf3 Ba6 1/2-1/2

[Event "37. Torneo Internacional de La Roda"]
[Site "La Roda ESP"]
[Date "2010.04.04"]
[Round "9.4"]
[White "Paunovic, Dragan"]
[Black "Valmana Canto, Jaime"]
[Result "1-0"]
[WhiteElo "2551"]
[BlackElo "2354"]
[PlyCount "119"]
[EventDate "2010.03.31"]
[EventType "swiss"]
[EventRounds "9"]
[EventCountry "ESP"]
[Source "lmi"]
[SourceDate "2010.03.31"]

1. Nf3 Nf6 2. g3 g6 3. Bg2 Bg7 4. O-O O-O 5. c4 c6 6. d4 d5 7. cxd5 cxd5 8. Ne5
e6 9. Nc3 Nfd7 10. f4 Nc6 11. Be3 f6 12. Nf3 Nb6 13. Bf2 f5 14. Ne5 Bd7 15. e3
Nc8 16. Qb3 Na5 17. Qb4 Be8 18. Rfc1 Nd6 19. b3 Bf6 20. Be1 Nc6 21. Qa3 Be7 22.
Qb2 Ne4 23. Nxe4 dxe4 24. Nxc6 Bxc6 25. Bf1 Qd7 26. Bc3 Bb5 27. Bc4 Rac8 28.
Qe2 Bc6 29. Qd2 Rc7 30. Bb4 Rfc8 31. Bxe7 Qxe7 32. Rc2 Bd5 33. Rac1 Kg7 34. Be2
Qd6 35. Rxc7+ Rxc7 36. Rxc7+ Qxc7 37. h3 g5 38. Kf2 h6 39. Qb4 b6 40. Qb5 Qc6
41. Qxc6 Bxc6 42. b4 Bd5 43. a3 Kf6 44. g4 gxf4 45. exf4 Bb3 46. Ke3 Bc2 47. h4
fxg4 48. Bxg4 Bd3 49. Bh5 Bc2 50. Be8 Bd3 51. Bc6 Kf5 52. d5 exd5 53. Bxd5 Bc2
54. Bc6 Bd3 55. h5 Bc2 56. Bd7+ Kf6 57. Be8 a5 58. Bg6 Bd1 59. Kxe4 Bc2+ 60.
Kd5 1-0

[Event "37. Torneo Internacional de La Roda"]
[Site "La Roda ESP"]
[Date "2010.04.04"]
[Round "9.5"]
[White "Martinez Martin, David"]
[Black "Del Rio De Angelis, Salvador G"]
[Result "1/2-1/2"]
[WhiteElo "2390"]
[BlackElo "2524"]
[PlyCount "78"]
[EventDate "2010.03.31"]
[EventType "swiss"]
[EventRounds "9"]
[EventCountry "ESP"]
[Source "lmi"]
[SourceDate "2010.03.31"]

1. d4 e6 2. Nf3 Nf6 3. e3 d5 4. Bd3 c5 5. b3 cxd4 6. exd4 Bb4+ 7. c3 Bd6 8. O-O
O-O 9. Qe2 Nc6 10. Ne5 Qc7 11. f4 Ne8 12. Rf3 f5 13. Bb2 Nf6 14. Nd2 Ne4 15.
Rh3 Nxd2 16. Qxd2 Bd7 17. Rc1 Be7 18. c4 Nxe5 19. fxe5 Qd8 20. cxd5 exd5 21.
Qe2 Bg5 22. Rf1 Qb6 23. Kh1 g6 24. Ba3 Rf7 25. Bc5 Qe6 26. Rg3 Bh4 27. Rgf3 Bg5
28. b4 Bh6 29. Bc2 Qe8 30. Re1 Be6 31. a4 Qd7 32. a5 Qd8 33. Qb5 Qd7 34. Qxd7
Rxd7 35. b5 b6 36. axb6 axb6 37. Bxb6 Rb7 38. Bc5 Rxb5 39. Rb3 Rxb3 1/2-1/2

[Event "37. Torneo Internacional de La Roda"]
[Site "La Roda ESP"]
[Date "2010.04.04"]
[Round "9.6"]
[White "Chueca Forcen, Alberto"]
[Black "Monroy, Charles"]
[Result "0-1"]
[WhiteElo "2282"]
[BlackElo "2449"]
[PlyCount "104"]
[EventDate "2010.03.31"]
[EventType "swiss"]
[EventRounds "9"]
[EventCountry "ESP"]
[Source "lmi"]
[SourceDate "2010.03.31"]

1. d4 Nf6 2. c4 e6 3. Nc3 Bb4 4. e3 O-O 5. Bd3 d5 6. cxd5 exd5 7. Nge2 Re8 8.
O-O Bf8 9. Qc2 b6 10. a3 c5 11. dxc5 bxc5 12. Na4 Qd6 13. Ng3 Nc6 14. Bd2 Rb8
15. b3 Ne5 16. Be2 Bb7 17. b4 c4 18. Bc3 Qc6 19. Bd4 a5 20. Rfb1 axb4 21. axb4
Ba8 22. Qd2 Nfd7 23. Bf1 Rb5 24. Bc3 Qg6 25. f4 Ng4 26. e4 Nb6 27. f5 Qc6 28.
h3 Qc7 29. Nxb6 Rxb6 30. hxg4 Qxg3 31. Qf2 Qxc3 32. Qxb6 d4 33. Rxa8 Rxa8 34.
Qc6 Qe3+ 35. Kh1 Rd8 36. Bxc4 Rd6 37. Bxf7+ Kxf7 38. Qc4+ Kf6 39. e5+ Qxe5 40.
Rf1 Kg5 41. Qf7 Rh6+ 42. Kg1 Qe3+ 43. Rf2 Qe1+ 44. Rf1 Rh1+ 45. Kxh1 Qxf1+ 46.
Kh2 Bd6+ 47. g3 Qf2+ 48. Kh1 Qf3+ 49. Kg1 Qxg3+ 50. Kf1 Qf3+ 51. Kg1 Qxg4+ 52.
Kh1 Qh5+ 0-1

[Event "37. Torneo Internacional de La Roda"]
[Site "La Roda ESP"]
[Date "2010.04.04"]
[Round "9.8"]
[White "Gemy, Jose Daniel"]
[Black "Antoli Royo, Joaquin Miguel"]
[Result "1/2-1/2"]
[WhiteElo "2215"]
[BlackElo "2399"]
[PlyCount "37"]
[EventDate "2010.03.31"]
[EventType "swiss"]
[EventRounds "9"]
[EventCountry "ESP"]
[Source "lmi"]
[SourceDate "2010.03.31"]

1. Nf3 Nf6 2. g3 g6 3. Bg2 Bg7 4. O-O d5 5. c3 O-O 6. d3 Nc6 7. b4 a6 8. Qc2 e5
9. e4 Bg4 10. Nbd2 Qd7 11. Nb3 Rad8 12. Nc5 Qc8 13. a4 dxe4 14. dxe4 Nd7 15.
Be3 Rfe8 16. Nb3 b6 17. Rfd1 h6 18. a5 bxa5 19. Nxa5 1/2-1/2

[Event "37. Torneo Internacional de La Roda"]
[Site "La Roda ESP"]
[Date "2010.04.04"]
[Round "9.9"]
[White "Almeida Quintana, Omar"]
[Black "Anton Guijarro, David"]
[Result "1-0"]
[WhiteElo "2540"]
[BlackElo "2304"]
[PlyCount "55"]
[EventDate "2010.03.31"]
[EventType "swiss"]
[EventRounds "9"]
[EventCountry "ESP"]
[Source "lmi"]
[SourceDate "2010.03.31"]

1. d4 Nf6 2. c4 e6 3. Nf3 d5 4. Nc3 c6 5. e3 Nbd7 6. Qc2 Bd6 7. g4 Nxg4 8. Rg1
Qf6 9. Rxg4 Qxf3 10. Rxg7 Nb6 11. h3 dxc4 12. Rg5 Nd5 13. a3 Nxc3 14. Qxc3 Qf6
15. e4 Bc7 16. e5 Qe7 17. Rg7 h6 18. Bxc4 Qh4 19. Rg4 Qe7 20. Qg3 b5 21. Bd2 a5
22. Qg2 Ra6 23. Be2 Bb7 24. Rc1 Ra7 25. Bf3 Ra6 26. Rg8+ Rxg8 27. Qxg8+ Kd7 28.
Bxh6 1-0

[Event "37. Torneo Internacional de La Roda"]
[Site "La Roda ESP"]
[Date "2010.04.04"]
[Round "9.10"]
[White "Vidarte Morales, Arturo"]
[Black "Pap, Misa"]
[Result "0-1"]
[WhiteElo "2438"]
[BlackElo "2521"]
[PlyCount "100"]
[EventDate "2010.03.31"]
[EventType "swiss"]
[EventRounds "9"]
[EventCountry "ESP"]
[Source "lmi"]
[SourceDate "2010.03.31"]

1. c4 c5 2. Nf3 Nf6 3. Nc3 b6 4. g3 Bb7 5. Bg2 e6 6. O-O a6 7. Re1 Be7 8. e4 d6
9. d4 cxd4 10. Nxd4 Qc7 11. Be3 Nbd7 12. Rc1 Rc8 13. f4 h5 14. h3 Qb8 15. Qe2
Qa8 16. Bf2 g6 17. Nd5 Bd8 18. b4 exd5 19. exd5+ Kf8 20. Nc6 Rxc6 21. dxc6 Bxc6
22. Bxc6 Qxc6 23. b5 Qc8 24. c5 bxc5 25. bxa6 Kg7 26. Qd3 d5 27. Qb5 Ne4 28.
Qb7 Qxb7 29. axb7 Ba5 30. Red1 d4 31. Kg2 Rb8 32. Bxd4+ cxd4 33. Rxd4 Ndc5 34.
Rb1 Nc3 35. Rb2 Rxb7 36. Rxb7 Nxb7 37. Rd7 Nc5 38. Ra7 Bb6 39. Ra8 Bc7 40. Ra7
Nb5 41. Ra8 Nd4 42. Rc8 Nde6 43. h4 Kf6 44. Ra8 Ke7 45. Kf3 Nd4+ 46. Kg2 Nc6
47. Rc8 Kd7 48. Ra8 Ba5 49. Kf3 Ne6 50. Kg2 Ned8 0-1

[Event "37. Torneo Internacional de La Roda"]
[Site "La Roda ESP"]
[Date "2010.04.04"]
[Round "9.11"]
[White "Gonzalez Vidal, Yuri"]
[Black "Picard, Romain"]
[Result "1-0"]
[WhiteElo "2512"]
[BlackElo "2363"]
[PlyCount "79"]
[EventDate "2010.03.31"]
[EventType "swiss"]
[EventRounds "9"]
[EventCountry "ESP"]
[Source "lmi"]
[SourceDate "2010.03.31"]

1. e4 e5 2. Nf3 d6 3. d4 exd4 4. Nxd4 Nf6 5. Nc3 Be7 6. Nde2 c6 7. g3 b5 8. Bg2
Bb7 9. O-O Nbd7 10. Nd4 O-O 11. Nf5 Ne5 12. f4 Ng6 13. g4 b4 14. Na4 d5 15. e5
Nd7 16. Be3 Re8 17. g5 Bf8 18. Rf3 d4 19. Qxd4 c5 20. Qd1 Bxf3 21. Qxf3 Qa5 22.
b3 Nb6 23. Nxb6 axb6 24. h4 Ra7 25. h5 Ne7 26. Nd6 Rb8 27. e6 c4 28. exf7+ Kh8
29. Qe4 cxb3 30. cxb3 Rd7 31. Qe6 Rbd8 32. Nb7 Rd1+ 33. Kh2 Qf5 34. Nxd8 Rxa1
35. h6 Qg6 36. Be4 Qh5+ 37. Kg3 Rxa2 38. hxg7+ Bxg7 39. f8=Q+ Bxf8 40. Bd4+ 1-0

[Event "37. Torneo Internacional de La Roda"]
[Site "La Roda ESP"]
[Date "2010.04.04"]
[Round "9.13"]
[White "Cori Tello, Deysi"]
[Black "Aloma Vidal, Robert"]
[Result "1/2-1/2"]
[WhiteElo "2434"]
[BlackElo "2462"]
[PlyCount "66"]
[EventDate "2010.03.31"]
[EventType "swiss"]
[EventRounds "9"]
[EventCountry "ESP"]
[Source "lmi"]
[SourceDate "2010.03.31"]

1. d4 Nf6 2. Nf3 g6 3. c4 Bg7 4. g3 c5 5. d5 b5 6. cxb5 Qa5+ 7. Bd2 Qxb5 8. Nc3
Qb6 9. Bg2 d6 10. O-O O-O 11. Re1 Na6 12. e4 Nb4 13. Na4 Qd8 14. Bxb4 cxb4 15.
Nd4 Bd7 16. Rc1 Nxd5 17. exd5 Bxa4 18. Qxa4 Bxd4 19. Qxb4 Qb6 20. Qd2 e5 21.
dxe6 fxe6 22. Bxa8 Bxf2+ 23. Kg2 Bxe1 24. Rxe1 Rxa8 25. Rxe6 Qc6+ 26. Kh3 Qc4
27. Rxd6 Qxa2 28. Qd3 Qf7 29. Rd8+ Rxd8 30. Qxd8+ Kg7 31. Qd4+ Kg8 32. Qd8+ Kg7
33. Qd4+ Kg8 1/2-1/2

[Event "37. Torneo Internacional de La Roda"]
[Site "La Roda ESP"]
[Date "2010.04.04"]
[Round "9.14"]
[White "Ramiro Ovejero, Juan Luis"]
[Black "Llorente Zaro, Alfonso"]
[Result "1-0"]
[WhiteElo "2375"]
[BlackElo "2456"]
[PlyCount "49"]
[EventDate "2010.03.31"]
[EventType "swiss"]
[EventRounds "9"]
[EventCountry "ESP"]
[Source "lmi"]
[SourceDate "2010.03.31"]

1. e4 c5 2. Nf3 Nc6 3. Bb5 Na5 4. O-O a6 5. Be2 e6 6. c4 d5 7. exd5 exd5 8.
cxd5 Nf6 9. d4 Be7 10. dxc5 Qxd5 11. b4 Nc6 12. a3 Qxd1 13. Rxd1 a5 14. b5 Nd8
15. Nc3 Bxc5 16. Na4 Ne6 17. Bc4 Ba7 18. b6 Bd7 19. Rxd7 Nxd7 20. bxa7 Rxa7 21.
Bb5 Ke7 22. Bxd7 Kxd7 23. Nb6+ Kc6 24. Be3 Nc5 25. Rc1 1-0

[Event "37. Torneo Internacional de La Roda"]
[Site "La Roda ESP"]
[Date "2010.04.04"]
[Round "9.15"]
[White "Cano Sanchez, Josue"]
[Black "Granero Roca, Antonio"]
[Result "1-0"]
[WhiteElo "2343"]
[BlackElo "2447"]
[PlyCount "35"]
[EventDate "2010.03.31"]
[EventType "swiss"]
[EventRounds "9"]
[EventCountry "ESP"]
[Source "lmi"]
[SourceDate "2010.03.31"]

1. Nf3 d5 2. d4 Nf6 3. c4 c6 4. Nc3 g6 5. e3 Bg7 6. Be2 O-O 7. O-O Bg4 8. cxd5
cxd5 9. Qb3 b6 10. h3 Bxf3 11. Bxf3 e6 12. Bd2 Nc6 13. Rfc1 Rc8 14. Qa4 Qd6 15.
Be2 Qb4 16. Qxb4 Nxb4 17. a3 Nc6 18. Ba6 1-0

[Event "37. Torneo Internacional de La Roda"]
[Site "La Roda ESP"]
[Date "2010.04.04"]
[Round "9.16"]
[White "Rizouk, Aimen"]
[Black "Santos, Jose Alves"]
[Result "1-0"]
[WhiteElo "2540"]
[BlackElo "2246"]
[PlyCount "78"]
[EventDate "2010.03.31"]
[EventType "swiss"]
[EventRounds "9"]
[EventCountry "ESP"]
[Source "lmi"]
[SourceDate "2010.03.31"]

1. e4 e5 2. Nf3 Nc6 3. Bc4 Bc5 4. c3 Nf6 5. d3 d6 6. Bb3 Bb6 7. O-O O-O 8. Re1
Ne7 9. Nbd2 Ng6 10. Nf1 c6 11. Ng3 a5 12. h3 h6 13. d4 Re8 14. Bc2 Be6 15. Be3
Bc7 16. Qd2 Qe7 17. b3 Nh7 18. Rad1 Rad8 19. c4 Nh4 20. Nh2 g5 21. d5 Bc8 22.
Ng4 Bxg4 23. hxg4 Kg7 24. a3 c5 25. Ra1 b6 26. f3 Nf8 27. Kf2 f6 28. Rh1 Qf7
29. Rh2 Nd7 30. Rah1 Rh8 31. Rxh4 gxh4 32. Bxh6+ Kg8 33. Nf5 Nf8 34. Rxh4 Ng6
35. Rh5 Ne7 36. Rh3 Nxf5 37. exf5 b5 38. cxb5 Bb6 39. Kg3 Re8 1-0

[Event "37. Torneo Internacional de La Roda"]
[Site "La Roda ESP"]
[Date "2010.04.04"]
[Round "9.17"]
[White "Plaskett, H James"]
[Black "Bendayan Claros, Aaron"]
[Result "1/2-1/2"]
[WhiteElo "2494"]
[BlackElo "2196"]
[PlyCount "33"]
[EventDate "2010.03.31"]
[EventType "swiss"]
[EventRounds "9"]
[EventCountry "ESP"]
[Source "lmi"]
[SourceDate "2010.03.31"]

1. e4 c6 2. d4 d5 3. exd5 cxd5 4. Bd3 Nc6 5. c3 Nf6 6. Bf4 g6 7. Nf3 Bg7 8. O-O
O-O 9. Re1 Bg4 10. Nbd2 a6 11. a4 Rc8 12. h3 Bf5 13. Bf1 Ne4 14. Nb3 f6 15. c4
Kh8 16. Rc1 Be6 17. Bd3 1/2-1/2

[Event "37. Torneo Internacional de La Roda"]
[Site "La Roda ESP"]
[Date "2010.04.04"]
[Round "9.18"]
[White "Larino Nieto, David"]
[Black "Vazquez Torres, Adrian"]
[Result "1/2-1/2"]
[WhiteElo "2462"]
[BlackElo "2149"]
[PlyCount "45"]
[EventDate "2010.03.31"]
[EventType "swiss"]
[EventRounds "9"]
[EventCountry "ESP"]
[Source "lmi"]
[SourceDate "2010.03.31"]

1. e4 c5 2. Nc3 Nc6 3. g3 g6 4. Bg2 Bg7 5. d3 d6 6. f4 e6 7. Nf3 Nge7 8. O-O
O-O 9. Be3 Nd4 10. Bf2 Nec6 11. e5 dxe5 12. Nxe5 Nxe5 13. fxe5 Bxe5 14. Ne4 f5
15. Nxc5 Qc7 16. b4 f4 17. gxf4 Rxf4 18. c3 Nf5 19. d4 Rxf2 20. Rxf2 Bxh2+ 21.
Kh1 Bg3 22. Rf1 Qg7 23. Qg4 1/2-1/2

[Event "37. Torneo Internacional de La Roda"]
[Site "La Roda ESP"]
[Date "2010.04.04"]
[Round "9.20"]
[White "Rojas Keim, Luis"]
[Black "Guadamuro Torrente, Anabel"]
[Result "1-0"]
[WhiteElo "2421"]
[BlackElo "2090"]
[PlyCount "61"]
[EventDate "2010.03.31"]
[EventType "swiss"]
[EventRounds "9"]
[EventCountry "ESP"]
[Source "lmi"]
[SourceDate "2010.03.31"]

1. d4 d5 2. c4 c6 3. Nf3 Nf6 4. e3 a6 5. a4 e6 6. Nbd2 a5 7. Bd3 Bb4 8. O-O O-O
9. b3 Bc3 10. Rb1 Na6 11. Qc2 Bb4 12. e4 dxe4 13. Nxe4 Nxe4 14. Bxe4 f5 15. Bd3
Be7 16. Bd2 Bf6 17. Rbd1 c5 18. d5 g6 19. Rfe1 exd5 20. cxd5 b6 21. Bc4 Kh8 22.
Bc3 Nb4 23. Qd2 Qd6 24. Ne5 Bg7 25. Qf4 Kg8 26. Bxb4 axb4 27. Nd3 Qxf4 28. Nxf4
Bf6 29. d6+ Kh8 30. d7 Bb7 31. Ne6 1-0

[Event "37. Torneo Internacional de La Roda"]
[Site "La Roda ESP"]
[Date "2010.04.04"]
[Round "9.21"]
[White "Gallardo Garcia, Andres"]
[Black "Fernandez Fernandez, Juan Carlos"]
[Result "1/2-1/2"]
[WhiteElo "2412"]
[BlackElo "2088"]
[PlyCount "41"]
[EventDate "2010.03.31"]
[EventType "swiss"]
[EventRounds "9"]
[EventCountry "ESP"]
[Source "lmi"]
[SourceDate "2010.03.31"]

1. d4 Nf6 2. c4 g6 3. Nc3 d5 4. cxd5 Nxd5 5. e4 Nxc3 6. bxc3 Bg7 7. Be3 O-O 8.
Qd2 c5 9. Nf3 cxd4 10. cxd4 Nc6 11. Rb1 Bg4 12. d5 Bxf3 13. gxf3 Ne5 14. Be2
Qc8 15. O-O Qh3 16. Qd1 Nxf3+ 17. Bxf3 Be5 18. Re1 Bxh2+ 19. Kh1 Be5+ 20. Kg1
Bh2+ 21. Kh1 1/2-1/2